000 00429nam a2200157Ia 4500
003 GCL
008 140319s9999 xx 000 0 eng d
040 _aGCL /
_cGCL
082 0 4 _a381.095691
_bB R
100 1 _aBOWRING ,JOHN
245 1 0 _aREPORT ON THE COMMERCIAL STATISTICS OF SYRIA /
_cBOWRING ,JOHN
260 _a[S.N] :
_bWILLIAM MORROW AND CO. ،
_c1840
300 _a144
650 0 4 _aSYRIA - COMMERCE
942 _2ddc
_cBK
999 _c13234
_d13234